OPERATIONS MANAGEMENT A SOUTH ASIAN PERS (Record no. 28821)

MARC details
000 -LEADER
fixed length control field 00334nam a2200121Ia 4500
008 - FIXED-LENGTH DATA ELEMENTS--GENERAL INFORMATION
fixed length control field 240624s9999 xx 000 0 und d
041 ## - LANGUAGE CODE
Language code of text/sound track or separate title eng
082 ## - DEWEY DECIMAL CLASSIFICATION NUMBER
Classification number 658.5 COL
100 ## - MAIN ENTRY--PERSONAL NAME
Personal name COLLIER DAVID A
245 ## - TITLE STATEMENT
Title OPERATIONS MANAGEMENT A SOUTH ASIAN PERS
260 ## - PUBLICATION, DISTRIBUTION, ETC.
Date of publication, distribution, etc. 2016
Place of publication, distribution, etc. New Delhi
Name of publisher, distributor, etc. Cengage Learning
300 ## - PHYSICAL DESCRIPTION
Extent x, , 521 , 27 : p. : cm.
Holdings
Withdrawn status Lost status Damaged status Not for loan Home library Current library Shelving location Date acquired Full call number Barcode Date last seen Price effective from Koha item type
        IMTN IMTN Rack 34-A 06/14/2017 658.5 COL 28821 06/24/2024 06/24/2024 Books
Designed & Maintained by: LRC IMT Nagpur Contact: lrc@imtnag.ac.in© 2024. All Rights Reserved.